000 00660nam a2200265 a 4500
003 AR-BaBNM
005 20251128203307.0
008 082120s2002 ||||||||||||||000 | spa||
020 _a84-348-1275-4
040 _cAR-BaBNM
100 1 _aAiken, Joan
245 0 0 _aEl gato Mog
250 _a6ª ed.
260 _aMadrid
_bEdiciones S.M.
_c1987
300 _a97 p.
_bil.
490 0 _aEl barco de vapor
_vv. 55
500 _aRecomendado a partir de 7 años
650 4 _aLITERATURA INFANTIL
650 4 _aLIBROS PARA NIÑOS
650 4 _aCUENTOS DE ANIMALES
653 _aCUENTOS DE HUMOR
655 _aLITERATURA
942 _cBK
998 _claura
999 _c2751
_d2751